Learning Resource and Development

The effect of pandemic on the psychosocial health of third year students, Bachelor of Science in Office Administration of Camarines Sur Polytechnic Colleges Buhi Campus S/Y 2021-2022 / (Record no. 26571)

MARC details
000 -LEADER
fixed length control field 03117nam a2200325 i 4500
003 - CONTROL NUMBER IDENTIFIER
control field CSPC
005 - DATE AND TIME OF LATEST TRANSACTION
control field 20260421151914.0
007 - PHYSICAL DESCRIPTION FIXED FIELD--GENERAL INFORMATION
fixed length control field ta
008 - FIXED-LENGTH DATA ELEMENTS--GENERAL INFORMATION
fixed length control field 231120s2021 ph a m 000 0beng
040 ## - CATALOGING SOURCE
Original cataloging agency CSPC
Language of cataloging eng
Transcribing agency CSPC
Description conventions rda
090 ## - LOCALLY ASSIGNED LC-TYPE CALL NUMBER (OCLC); LOCAL CALL NUMBER (RLIN)
Classification number (OCLC) (R) ; Classification number, CALL (RLIN) (NR) UTH BSOA M79e 2021
100 1# - MAIN ENTRY--PERSONAL NAME
Personal name Mora, Emily G.,
Dates associated with a name author.
245 14 - TITLE STATEMENT
Title The effect of pandemic on the psychosocial health of third year students, Bachelor of Science in Office Administration of Camarines Sur Polytechnic Colleges Buhi Campus S/Y 2021-2022 /
Statement of responsibility, etc. Emily G. Mora, Christine Joy C. Clerigo, and Michelle L. Adolacion.
260 ## - PUBLICATION, DISTRIBUTION, ETC.
Place of publication, distribution, etc. Buhi Camarines Sur :
Name of publisher, distributor, etc. Camarines Sur Polytechnic Colleges,
Date of publication, distribution, etc. 2021.
300 ## - PHYSICAL DESCRIPTION
Extent 93 leaves.
336 ## - CONTENT TYPE
Source rdacontent
Content type term text
337 ## - MEDIA TYPE
Source rdamedia
Media type term unmediated
338 ## - CARRIER TYPE
Source rdacarrier
Carrier type term volume
502 ## - DISSERTATION NOTE
Dissertation note Undergraduate Thesis (BSOA)- Office Administration.
Name of granting institution Camarines Sur Polytechnic Colleges, 2021. <br/>
504 ## - BIBLIOGRAPHY, ETC. NOTE
Bibliography, etc. note Includes bibliographical references.
520 3# - SUMMARY, ETC.
Summary, etc. This study arrived to determine the profile and the challenges encountered by the respondents during the pandemic in terms of Family, School, and Environment. The effect of these challenges to psychosocial health of the Bachelor of Science in Office Administration Students and the measures to cope on it. Based from the findings what recommendation may be proposed to help the respondents deal with their psychological health. The Age of the respondents ranged from 19 to 30 years old. 19-21 years old respondents accounted to 15 individuals or 53.33 % having the highest number of respondents. Female had the higher number of individuals having 24 or 80% whereas male led had 6 or 20% individuals. All respondents are single according to their civil status and 100% of respondents are Roman Catholic. The highest number of individuals who says their income is below 5,000 are 26 or 86.67% whereas 2 individuals has a monthly income of 15,001-20,000. <br/>The conclusions of this study were identified that: 2) that the number one challenges of students encountered in terms of family is the Loss of Job Parents with a weighted mean of 3.43 and interpreted as Highly Affecting; in school, the number one challenges that encountered by the respondents during the pandemic is having no enough load for online class with a weighted mean of 3.52 and interpreted as Highly Affecting; in environment the number one challenges that encountered by the students are both noisy neighborhood and increase cases of Covid-19 pandemic with a weighted mean of 3.10and verbally interpreted as Moderately affecting. 3) Stress is the number one effect of pandemic to psychosocial health of students with weighted mean average of 3.57and was verbally interpreted as Highly Affecting.
700 1# - ADDED ENTRY--PERSONAL NAME
Personal name Clerigo, Christian Joy C.,
Relator term author.
700 1# - ADDED ENTRY--PERSONAL NAME
Personal name Adolacion, Michelle L.,
Relator term author.
720 1# - ADDED ENTRY--UNCONTROLLED NAME
Name Oliveros, Josefin N.,
Relator term adviser.
720 1# - ADDED ENTRY--UNCONTROLLED NAME
Name Infante, Leonisa O.,
Relator term panelist, chair.
720 1# - ADDED ENTRY--UNCONTROLLED NAME
Name Rosal, Jhomer I.,
Relator term panelist.
720 1# - ADDED ENTRY--UNCONTROLLED NAME
Name Secundo, Rey O.,
Relator term panelist.
942 ## - ADDED ENTRY ELEMENTS (KOHA)
Source of classification or shelving scheme Dewey Decimal Classification
Suppress in OPAC No
Koha item type Unpublished Materials
Classification part M79e
Call number prefix UTH
Call number suffix 2021
Holdings
Withdrawn status Lost status Source of classification or shelving scheme Damaged status Not for loan Home library Current library Shelving location Date acquired Total Checkouts Full call number Barcode Date last seen Copy number Price effective from Koha item type
    Dewey Decimal Classification   Not For Loan CAMPUS CSPC CAMPUS CSPC Undergraduate Thesis Section 11/20/2023   UTH BSOA M79e 2021 00023UM-BUH 11/20/2023 1-1 11/20/2023 Unpublished Materials